000 00668nam a2200241 i 4500
001 C2-0333344
003 PPAK
005 20180728133346.0
008 150903s2015 enka|||| ||||| | eng d
020 _a9780099475866
040 _aPPAK
_beng
_cPPAK
_erda
082 0 4 _a823
_223
090 0 0 _a823
_bWIL
_dK
100 1 _aWilde, Oscar,
_eauthor
245 1 4 _aThe selfish giant
264 1 _aGreat Britain :
_bRed Fox ,
_c2015
300 _a[pages not identified] :
_bcolour illustrations ;
_c30 cm
336 _2rdacontent
_atext
337 _2rdamedia
_aunmediated
338 _2rdacarrier
_avolume
650 1 0 _aChildren's stories, English.
942 _ddc
_cB
999 _c131882
_d131882